MARITIME CARGO OPERATIONS (Record no. 3046)

000 -LEADER
fixed length control field 02690cam a2200541M 4500
006 - FIXED-LENGTH DATA ELEMENTS--ADDITIONAL MATERIAL CHARACTERISTICS--GENERAL INFORMATION
fixed length control field m o d
007 - PHYSICAL DESCRIPTION FIXED FIELD--GENERAL INFORMATION
fixed length control field cr |n|||||||||
008 - FIXED-LENGTH DATA ELEMENTS--GENERAL INFORMATION
fixed length control field 230307s2023 xx o 0|| 0 eng d
040 ## - CATALOGING SOURCE
Original cataloging agency IMU Kochi Library
Language of cataloging eng
040 ## - CATALOGING SOURCE
Original cataloging agency
Language of cataloging eng
020 ## - INTERNATIONAL STANDARD BOOK NUMBER
International Standard Book Number 9781000831375
Qualifying information (electronic bk.)
020 ## - INTERNATIONAL STANDARD BOOK NUMBER
International Standard Book Number 100083137X
Qualifying information (electronic bk.)
020 ## - INTERNATIONAL STANDARD BOOK NUMBER
International Standard Book Number 9781003354338
Qualifying information (electronic bk.)
020 ## - INTERNATIONAL STANDARD BOOK NUMBER
International Standard Book Number 1003354335
Qualifying information (electronic bk.)
020 ## - INTERNATIONAL STANDARD BOOK NUMBER
International Standard Book Number 9781000831405
Qualifying information (electronic bk. : EPUB)
020 ## - INTERNATIONAL STANDARD BOOK NUMBER
International Standard Book Number 100083140X
Qualifying information (electronic bk. : EPUB)
041 0# - LANGUAGE CODE
Language code of text/sound track or separate title eng
072 #7 - SUBJECT CATEGORY CODE
Subject category code TEC
Subject category code subdivision 060000
Source bisacsh
072 #7 - SUBJECT CATEGORY CODE
Subject category code TRA
Subject category code subdivision 006000
Source bisacsh
072 #7 - SUBJECT CATEGORY CODE
Subject category code TEC
Subject category code subdivision 017000
Source bisacsh
072 #7 - SUBJECT CATEGORY CODE
Subject category code KNGS
Source bicssc
082 04 - DEWEY DECIMAL CLASSIFICATION NUMBER
Classification number 623.88/81
Edition number 23/eng/20230313
100 1# - MAIN ENTRY--PERSONAL NAME
Personal name Olsen, Alexander Arnfinn.
245 10 - TITLE STATEMENT
Title MARITIME CARGO OPERATIONS
Medium [electronic resource].
260 ## - PUBLICATION, DISTRIBUTION, ETC. (IMPRINT)
Place of publication, distribution, etc [S.l.] :
Name of publisher, distributor, etc ROUTLEDGE,
Date of publication, distribution, etc 2023.
300 ## - PHYSICAL DESCRIPTION
Extent 1 online resource
520 ## - SUMMARY, ETC.
Summary, etc Maritime Cargo Operations presents the core concepts of cargo work for marine engineering students and cadets. It is built around the essential principles of the maritime profession and is a valuable guide to a broad range of key subject areas in the safe carriage, handling, stowage and securing of cargo, and cargo watches in port. It contributes to a sound understanding of cargo operations for a future career in the profession, as well as offering a general overview for deck officers. Gives an overview of the key areas in cargo operations work. Includes structured Learning Outcomes and self-test questions for each subject area to assist readers in evaluating their understanding. The book suits merchant navy cadets at Higher National Certificate (HNC), andHigher National Diploma (HND), and foundation degree level in both the deck and engineering branches, and also serves as a general reference for maritime professionals.
650 #7 - SUBJECT ADDED ENTRY--TOPICAL TERM
Topical term or geographic name as entry element TRANSPORTATION / Ships & Shipbuilding / General
Source of heading or term bisacsh
650 #7 - SUBJECT ADDED ENTRY--TOPICAL TERM
Topical term or geographic name as entry element TECHNOLOGY / Industrial Health & Safety
Source of heading or term bisacsh
650 #0 - SUBJECT ADDED ENTRY--TOPICAL TERM
Topical term or geographic name as entry element Cargo handling.
650 #0 - SUBJECT ADDED ENTRY--TOPICAL TERM
Topical term or geographic name as entry element Ships
General subdivision Cargo.
650 #0 - SUBJECT ADDED ENTRY--TOPICAL TERM
Topical term or geographic name as entry element Stowage.
650 #0 - SUBJECT ADDED ENTRY--TOPICAL TERM
Topical term or geographic name as entry element Cargo handling
General subdivision Safety measures.
856 40 - ELECTRONIC LOCATION AND ACCESS
Uniform Resource Identifier <a href="https://www.taylorfrancis.com/books/9781003354338">https://www.taylorfrancis.com/books/9781003354338</a>
856 42 - ELECTRONIC LOCATION AND ACCESS
Uniform Resource Identifier <a href="http://www.oclc.org/content/dam/oclc/forms/terms/vbrl-201703.pdf">http://www.oclc.org/content/dam/oclc/forms/terms/vbrl-201703.pdf</a>
904 ## - LOCAL DATA ELEMENT D, LDD (RLIN)
CATALOGER Rudra Ranjan
905 ## - LOCAL DATA ELEMENT E, LDE (RLIN)
VERIFIER Rudra Ranjan
942 ## - ADDED ENTRY ELEMENTS (KOHA)
Item type E-Book
588 ## -
-- OCLC-licensed vendor bibliographic record.

No items available.



Copyright © All Rights Reserved by Indian Maritime University, Kochi Campus.
For any Suggestions/Query Contact to library or Email: library.kochi@imu.ac.in Ph:(0484)-2989402
(Web OPAC Designed by Rudra Ranjan. Maintained by IMU Kochi Library)

Powered by Koha